MARC details
| 000 -CABECERA |
| campo de control de longitud fija |
02219nam a2200373 i 4500 |
| 001 - NÚMERO DE CONTROL |
| campo de control |
991061720859906706 |
| 003 - IDENTIFICADOR DEL NÚMERO DE CONTROL |
| campo de control |
ES-BaIT |
| 005 - FECHA Y HORA DE LA ÚLTIMA TRANSACCIÓN |
| campo de control |
20260226134610.0 |
| 008 - DATOS DE LONGITUD FIJA--INFORMACIÓN GENERAL |
| campo de control de longitud fija |
260226e202501 fr r 000 d fre c |
| 020 ## - NÚMERO INTERNACIONAL ESTÁNDAR DEL LIBRO |
| Número Internacional Estándar del Libro |
9782749816814 |
| 040 ## - FUENTE DE LA CATALOGACIÓN |
| Centro catalogador/agencia de origen |
ES-BaIT |
| Lengua de catalogación |
cat |
| Normas de descripción |
rda |
| Centro/agencia transcriptor |
ES-BaIT |
| 080 ## - NÚMERO DE LA CLASIFICACIÓN DECIMAL UNIVERSAL |
| Número de la Clasificación Decimal Universal |
840-2"20" |
| 100 1# - ENTRADA PRINCIPAL--NOMBRE DE PERSONA |
| Nombre de persona |
Fogli, Lilou, |
| Fechas asociadas al nombre |
1981- |
| Término indicativo de función/relación |
autor, |
| -- |
adaptador |
| 9 (RLIN) |
168735 |
| 245 10 - MENCIÓN DE TÍTULO |
| Título |
Mur/Mure / |
| Mención de responsabilidad, etc. |
Lilou Fogli |
| 246 3# - FORMA VARIANTE DE TÍTULO |
| Título propio/Titulo breve |
Mur Mure |
| 246 3# - FORMA VARIANTE DE TÍTULO |
| Título propio/Titulo breve |
MurMure |
| 264 #1 - PRODUCCIÓN, PUBLICACIÓN, DISTRIBUCIÓN, FABRICACIÓN Y COPYRIGHT |
| Producción, publicación, distribución, fabricación y copyright |
Paris : |
| Nombre del de productor, editor, distribuidor, fabricante |
L'avant-scène théâtre, |
| Fecha de producción, publicación, distribución, fabricación o copyright |
janvier 2025 |
| 300 ## - DESCRIPCIÓN FÍSICA |
| Extensión |
95 pàgines ; |
| Dimensiones |
21 cm |
| 336 ## - TIPO DE CONTENIDO |
| Término de tipo de contenido |
text |
| Código de tipo de contenido |
txt |
| Fuente |
rdacontent |
| 337 ## - TIPO DE MEDIO |
| Nombre/término del tipo de medio |
sense mediació |
| Código del tipo de medio |
n |
| Fuente |
rdamedia |
| 338 ## - TIPO DE SOPORTE |
| Nombre/término del tipo de soporte |
volum |
| Código del tipo de soporte |
nc |
| Fuente |
rdacarrier |
| 490 1# - MENCIÓN DE SERIE |
| Mención de serie |
L'Avant-scène théâtre ; |
| Designación de volumen o secuencia |
no 1571 |
| 500 ## - NOTA GENERAL |
| Nota general |
P8: D2, H6 |
| 500 ## - NOTA GENERAL |
| Nota general |
Publicat com no 1571 (janvier 2025) de la revista L'Avant-scène théâtre |
| 500 ## - NOTA GENERAL |
| Nota general |
Estrena Théâtre de la Michodière, el 23 de gener de 2025 |
| 520 ## - SUMARIO, ETC. |
| Sumario, etc. |
"Machin, inventeur loufoque et misanthrope assumé n'a besoin que d'une chose : le silence absolu. Grâce à ses inventions aussi ingénieuses que saugrenues, il a toujours réussi à faire fuir ses voisins. Jusqu'au jour où une pianiste, Machine, emménage seule pour la première fois de sa vie... dans l'appartament mitoyen!. Comment deux personnes que tout oppose pourraient s'entendre, se recontrer... sans se voir?. Lilou Fogli propulse le lecteur dans une comédie romantique qui résonne avec les enjeux de notre époque, où les relations sont souvent accélérées et fragilisées par les apparences et les réseaux sociaux. Cette pièce veut rappeler, avec humour, qu'au-delà des murs, des écrans ou des façades, il y a une beauté inestimable dans la découverture lente, patiente et sincère de l'autre. Une pièce adaptée du film Un peu, beaucoup, aveuglément (co-écrit avec Tristan Schulmann et Clovis Cornillac, réalisé par ce dernier en 2015)"-- Contracoberta |
| 650 #0 - PUNTO DE ACCESO ADICIONAL DE MATERIA--TÉRMINO DE MATERIA |
| Término de materia o nombre geográfico como elemento de entrada |
Homes i dones |
| Subdivisión de forma |
Textos dramàtics |
| 9 (RLIN) |
87739 |
| 650 #0 - PUNTO DE ACCESO ADICIONAL DE MATERIA--TÉRMINO DE MATERIA |
| Término de materia o nombre geográfico como elemento de entrada |
Inventors |
| Subdivisión de forma |
Textos dramàtics |
| 9 (RLIN) |
168736 |
| 730 0# - ENTRADA AGREGADA--TÍTULO UNIFORME |
| Información de relación/Frase instructiva de referencia |
Adaptació de (obra): |
| Título de la obra |
Un peu, beaucoup, aveuglément |
| 830 ## - PUNTO DE ACCESO ADICIONAL DE SERIE-TÍTULO UNIFORME |
| Título uniforme |
Avant-scène. |
| Nombre de parte o sección de la obra |
Théâtre |
| Designación de volumen o secuencia |
no 1571 |
| 9 (RLIN) |
168170 |
| 908 ## - COLOCAR PARÁMETRO DE COMANDO (RLIN) |
| Colocar parámetro de comando |
CDMAE |
| 940 ## - EQUIVALENCIA O REFERENCIA-CRUZADA--TÍTULO UNIFORME [OBSOLETO] [solamente CAN/MARC] |
| Título uniforme |
<a href="CDMAE">CDMAE</a> |
| 942 ## - ELEMENTOS DE ENTRADA AGREGADA (KOHA) |
| Fuente del sistema de clasificación o colocación |
Clasificación decimal universal |
| Tipo de ítem Koha |
Llibre |